000 00322pab a2200121 454500
008 180718b2003 xxu||||| |||| 00| 0 eng d
245 _aSPECIAL issue on water management
260 _c2003
300 _ap.213-328.
650 _aWater resources
773 _aInternational Journal of Public Administration
909 _a56641
999 _c56641
_d56641